WWE - Shane McMahon's PPV Opponents - Statistics

General Stats
  • This quiz has been taken 672 times
    375 since last reset
  • The average score is 56 of 70
Answer Stats
Year Event Match Type Opponent % Correct
2000 King of the Ring Six-Man Tag Team Match The Undertaker
98%
2001 Survivor Series 5 vs. 5 Elimination Match The Undertaker
98%
2016 WrestleMania 32 Hell in a Cell Match The Undertaker
98%
2019 Extreme Rules No Holds Barred Tag Team Match The Undertaker
98%
2006 SummerSlam Tag Team Match Triple H
95%
2006 Unforgiven 3-on-2 Handicap Hell in a Cell Match Triple H
95%
2000 Insurrextion Triple Threat Match Triple H
94%
2017 Survivor Series 5 vs. 5 Elimination Match Triple H
94%
2001 WrestleMania X-Seven Street Fight Vince McMahon
94%
2000 King of the Ring Six-Man Tag Team Match Kane
93%
2001 Survivor Series 5 vs. 5 Elimination Match Kane
93%
2003 Unforgiven Last Man Standing Match Kane
93%
2003 Survivor Series Ambulance Match Kane
93%
2001 King of the Ring Street Fight Kurt Angle
89%
2017 Survivor Series 5 vs. 5 Elimination Match Kurt Angle
89%
2016 Survivor Series 5 vs. 5 Elimination Match Roman Reigns
89%
2019 Super Showdown Roman Reigns
89%
2019 Extreme Rules No Holds Barred Tag Team Match Roman Reigns
89%
2006 Backlash No Holds Barred Tag Team Match Shawn Michaels
89%
2006 SummerSlam Tag Team Match Shawn Michaels
89%
2006 Unforgiven 3-on-2 Handicap Hell in a Cell Match Shawn Michaels
89%
2019 WrestleMania 35 Falls Count Anywhere Match The Miz
89%
2019 Money In The Bank Steel Cage Match The Miz
89%
2023 WrestleMania 39 The Miz
89%
2000 Insurrextion Triple Threat Match The Rock
89%
2000 King of the Ring Six-Man Tag Team Match The Rock
89%
2001 Unforgvien 2-on-1 Handicap Match The Rock
89%
2001 Survivor Series 5 vs. 5 Elimination Match The Rock
89%
2016 Survivor Series 5 vs. 5 Elimination Match Kevin Owens
87%
2017 Hell in a Cell Hell in a Cell Match Kevin Owens
87%
2018 WrestleMania 34 Tag Team Match Kevin Owens
87%
2019 SummerSlam Kevin Owens
87%
1999 King of the Ring 2-on-1 Handicap Ladder Match Stone Cold Steve Austin
87%
2009 No Way Out No Holds Barred Match Randy Orton
86%
2009 Backlash Six-Man Tag Team Match Randy Orton
86%
2001 Survivor Series 5 vs. 5 Elimination Match Chris Jericho
85%
2016 Survivor Series 5 vs. 5 Elimination Match Chris Jericho
85%
2017 WrestleMania 33 AJ Styles
83%
2000 Judgment Day Falls Count Anywhere Match The Big Show
82%
2001 Backlash Last Man Standing Match The Big Show
82%
2001 Survivor Series 5 vs. 5 Elimination Match The Big Show
82%
2016 Survivor Series 5 vs. 5 Elimination Match Braun Strowman
81%
2017 Survivor Series 5 vs. 5 Elimination Match Braun Strowman
81%
2018 Survivor Series 5 vs. 5 Elimination Match Braun Strowman
81%
2021 WrestleMania 37 Steel Cage Match Braun Strowman
81%
2016 Survivor Series 5 vs. 5 Elimination Match Seth Rollins
81%
2018 WrestleMania 34 Tag Team Match Sami Zayn
78%
2007 Backlash 3-on-1 Handicap Match Bobby Lashley
74%
2007 Judgment Day 3-on-1 Handicap Match Bobby Lashley
74%
2018 Survivor Series 5 vs. 5 Elimination Match Bobby Lashley
74%
2009 Backlash Six-Man Tag Team Match Cody Rhodes
71%
2018 Crown Jewel Dolph Ziggler
68%
2018 Survivor Series 5 vs. 5 Elimination Match Dolph Ziggler
68%
2009 Backlash Six-Man Tag Team Match Ted DiBiase
68%
2019 Royal Rumble Tag Team Match Sheamus
67%
2019 Elimination Chamber Tag Team Match Jey Uso
66%
2019 Fastlane Tag Team Match Jey Uso
66%
2019 Elimination Chamber Tag Team Match Jimmy Uso
66%
2019 Fastlane Tag Team Match Jimmy Uso
66%
2019 Royal Rumble Tag Team Match Cesaro
64%
1999 SummerSlam Greenwich Street Fight Test
61%
1999 WrestleMania XV X-Pac
61%
1999 No Mercy X-Pac
61%
2018 Survivor Series 5 vs. 5 Elimination Match Drew McIntyre
59%
2000 SummerSlam Hardcore Match Steve Blackman
59%
2006 Backlash No Holds Barred Tag Team Match "God"
56%
2017 Survivor Series 5 vs. 5 Elimination Match Finn Balor
51%
2018 Survivor Series 5 vs. 5 Elimination Match Finn Balor
51%
2017 Survivor Series 5 vs. 5 Elimination Match Samoa Joe
44%
2003 SummerSlam Falls Count Anywhere Match Eric Bischoff
36%
No matching quizzes found
Score Distribution
Percent of People with Each Score
Percentile by Number Answered
Your Score History
You have not taken this quiz since the last reset